|
|
|
|
| LEADER |
01137nam a2200277 4500 |
| 001 |
000981732 |
| 003 |
CZ BrMZK |
| 005 |
20180831130350.0 |
| 007 |
ta |
| 008 |
010825s1992 au gh f 000 ger |
| 020 |
|
|
|a 3-224-16908-7
|
| 040 |
|
|
|a BOA001
|b cze
|
| 100 |
1 |
|
|a Nestroy, Johann,
|d 1801-1862
|7 jn20000604160
|4 aut
|
| 245 |
1 |
0 |
|a Stücke.
|n 33,
|p Theaterg'schichten durch Liebe, Intrigue, Geld und Dummheit /
|c Johann Nestroy ; herausgegeben von Jürgen Hein
|
| 246 |
3 |
0 |
|a Theaterg'schichten durch Liebe, Intrigue, Geld und Dummheit
|
| 260 |
|
|
|a Wien :
|b Jugend und Volk,
|c c1992
|
| 300 |
|
|
|a xvi, 391 s. :
|b noty, faksim. ;
|c 20 cm
|
| 490 |
1 |
|
|a Sämtliche Werke : historisch-kritische Ausgabe
|
| 504 |
|
|
|a Obsahuje bibliografii a bibliografické odkazy
|
| 655 |
|
7 |
|a divadelní hry
|7 fd132028
|2 czenas
|
| 700 |
1 |
|
|a Hein, Jürgen,
|d 1942-
|7 pna2007418394
|4 edt
|
| 800 |
1 |
|
|a Nestroy, Johann,
|d 1801-1862.
|t Sämtliche Werke
|
| 910 |
|
|
|a BOA001
|b RK-0000.869,33
|
| 990 |
|
|
|a BK
|
| 991 |
|
|
|z 000007286
|x 33
|
| 996 |
7 |
|
|b 261A002115
|c RK-0000.869,33
|l Rakouská knihovna/2.patro
|r ZHR
|n 0
|p {1-B-00.869,33}
|h DR-nes
|w 000981732
|u 000010
|a 0
|e BOA001
|j MZK50
|s A
|